Dôsledky hospodárskej krízy na americké a európske podnikateľské subjekty a zamestnancov diplomová práca

Gespeichert in:
Bibliographische Detailangaben
1. Verfasser: Mikušková, Viktória
Körperschaft: Národohospodárska fakulta EU. Katedra financií
Weitere Verfasser: Hocman, František, 1983-
Format: Buch
Sprache:Slowakisch
Veröffentlicht: Bratislava 2012
Tags: Tag hinzufügen
Keine Tags, Fügen Sie das erste Tag hinzu!

MARC

LEADER 00000nbm a2200000 4500
001 0152127
005 20161109102012.6
041 0 |a slo 
044 |a SK 
245 1 0 |a Dôsledky hospodárskej krízy na americké a európske podnikateľské subjekty a zamestnancov  |b diplomová práca  |c Viktória Mikušková ; školiteľ: František Hocman 
264 1 |a Bratislava  |c 2012 
300 |a 67 s. 
100 1 |a Mikušková, Viktória 
700 1 |a Hocman, František, 1983- 
710 2 |a Národohospodárska fakulta EU. Katedra financií